[Event "23rd ETCC Women 2021"]
[Site "Catez"]
[Date "2021.11.20"]
[Round "8.42"]
[White "Shapir, Maya"]
[Black "Garcia Martin, Marta"]
[Result "0-1"]
[WhiteElo "2256"]
[BlackElo "2324"]
[Annotator "NA"]
[PlyCount "132"]
[EventDate "2021.11.08"]
[EventType "team-tourn"]
[EventCountry "SLO"]
[SourceTitle "playchess.com"]
[Source "ChessBase"]
[SourceQuality "1"]
[WhiteTeam "Israel"]
[BlackTeam "Spain"]
[WhiteTeamCountry "ISR"]
[BlackTeamCountry "ESP"]
[TimeControl "40/5400+30:1800+30"]

1. d4 {[%emt 0:00:31]} Nf6 {[%emt 0:02:01]} 2. c4 {[%emt 0:00:11]} e6 {[%emt 0:
00:05]} 3. Nf3 {[%emt 0:00:14]} b6 {[%emt 0:00:41]} 4. g3 {[%emt 0:00:12]} Bb7
{[%emt 0:01:22]} 5. Bg2 {[%emt 0:00:06]} Bb4+ {[%emt 0:01:30]} 6. Bd2 {[%emt 0:
00:48]} Bxd2+ {[%emt 0:00:35]} 7. Nbxd2 {[%emt 0:02:29]} O-O {[%emt 0:00:35]}
8. O-O {[%emt 0:01:27]} c5 {[%emt 0:03:25]} 9. Qc2 {[%emt 0:03:01]} Nc6 {
[%emt 0:09:50]} 10. e3 {[%emt 0:13:04]} Rc8 {[%emt 0:01:59]} 11. Qa4 {[%emt 0:
13:32]} d5 {[%emt 0:23:56]} 12. cxd5 {[%emt 0:02:19]} exd5 {[%emt 0:02:23]} 13.
Rac1 {[%emt 0:02:20]} Qe7 {[%emt 0:03:46]} 14. dxc5 {[%emt 0:04:42]} bxc5 {
[%emt 0:00:34]} 15. Qa3 {[%emt 0:01:20]} Nb4 {[%emt 0:03:50]} 16. Nb3 {[%emt 0:
08:11]} Ba6 {[%emt 0:04:51]} 17. Rfd1 {[%emt 0:06:40]} Ne4 {[%emt 0:00:00]} 18.
Nh4 {[%emt 0:13:53]} Be2 {[%emt 0:16:49]} 19. Re1 {[%emt 0:01:54]} Bb5 {
[%emt 0:00:06]} 20. Qa5 {[%emt 0:03:07]} a6 {[%emt 0:04:44]} 21. Bxe4 {[%emt 0:
01:38]} dxe4 {[%emt 0:06:33]} 22. a4 {[%emt 0:02:06]} Nc6 {[%emt 0:00:10]} 23.
Qc3 {[%emt 0:05:46]} Bxa4 {[%emt 0:00:23]} 24. Nxc5 {[%emt 0:02:01]} Ne5 {
[%emt 0:01:11]} 25. Qd4 {[%emt 0:01:44]} Bb5 {[%emt 0:02:34]} 26. Nxe4 {
[%emt 0:02:24]} Rcd8 {[%emt 0:02:23]} 27. Qc5 {[%emt 0:01:54]} Qxc5 {[%emt 0:
00:38]} 28. Nxc5 {[%emt 0:00:53]} g5 {[%emt 0:00:07]} 29. f4 {[%emt 0:01:07]}
gxh4 {[%emt 0:00:04]} 30. fxe5 {[%emt 0:00:06]} Rd2 {[%emt 0:04:05]} 31. Ne4 {
[%emt 0:00:21]} Rxb2 {[%emt 0:00:09]} 32. Nf6+ {[%emt 0:01:25]} Kg7 {[%emt 0:
00:19]} 33. gxh4 {[%emt 0:00:16]} Rd8 {[%emt 0:01:17]} 34. Kh1 {[%emt 0:01:46]}
Rdd2 {[%emt 0:02:15]} 35. Rg1+ {[%emt 0:00:05]} Kf8 {[%emt 0:00:15]} 36. Rg8+ {
[%emt 0:03:42]} Ke7 {[%emt 0:00:03]} 37. Ne4 {[%emt 0:00:45]} Rxh2+ {[%emt 0:
00:26]} 38. Kg1 {[%emt 0:00:01]} Rxh4 {[%emt 0:02:45]} 39. Rc7+ {[%emt 0:00:16]
} Ke6 {[%emt 0:00:26]} 40. Ng5+ {[%emt 0:00:35]} Kxe5 {[%emt 0:00:45]} 41.
Nxf7+ {[%emt 0:13:37]} Ke6 {[%emt 0:08:21]} 42. Nd8+ {[%emt 0:01:47]} Kd5 {
[%emt 0:07:11]} 43. Rg5+ {[%emt 0:04:47]} Ke4 {[%emt 0:03:45]} 44. Re7+ {
[%emt 0:00:06]} Kd3 {[%emt 0:00:26]} 45. Ne6 {[%emt 0:02:16]} Bc6 {[%emt 0:08:
22]} 46. e4 {[%emt 0:01:39]} Rb1+ {[%emt 0:01:35]} 47. Kf2 {[%emt 0:00:06]}
Rh2+ {[%emt 0:02:20]} 48. Kg3 {[%emt 0:00:02]} Rhh1 {[%emt 0:00:44]} 49. Nf4+ {
[%emt 0:00:34]} Kd4 {[%emt 0:00:42]} 50. Ra5 {[%emt 0:05:02]} Rbg1+ {[%emt 0:
01:38]} 51. Ng2 {[%emt 0:00:08]} h5 {[%emt 0:00:30]} 52. Kf2 {[%emt 0:01:03]}
Rf1+ {[%emt 0:00:20]} 53. Kg3 {[%emt 0:00:32]} Ra1 {[%emt 0:00:43]} 54. Rxa1 {
[%emt 0:02:25]} Rxa1 {[%emt 0:00:03]} 55. Nf4 {[%emt 0:00:28]} a5 {[%emt 0:00:
49]} 56. e5 {[%emt 0:00:37]} a4 {[%emt 0:00:30]} 57. e6 {[%emt 0:00:13]} a3 {
[%emt 0:00:36]} 58. Rd7+ {[%emt 0:01:12]} Ke5 {[%emt 0:00:31]} 59. Ra7 {
[%emt 0:02:31]} a2 {[%emt 0:00:23]} 60. Ra5+ {[%emt 0:00:59]} Kd6 {[%emt 0:00:
20]} 61. Ne2 {[%emt 0:00:58]} h4+ {[%emt 0:00:30]} 62. Kf2 {[%emt 0:00:00]} h3
{[%emt 0:00:48]} 63. Ra6 {[%emt 0:00:15]} h2 {[%emt 0:00:17]} 64. Ng3 {[%emt 0:
00:25]} h1=Q {[%emt 0:00:20]} 65. Nxh1 {[%emt 0:00:03]} Rxh1 {[%emt 0:00:06]}
66. e7 {[%emt 0:00:24]} Kxe7 {[%emt 0:00:11]} 0-1

[Event "23rd ETCC Women 2021"]
[Site "Catez"]
[Date "2021.11.20"]
[Round "8.43"]
[White "Matnadze, Ana"]
[Black "Levitan, Ronit"]
[Result "1-0"]
[WhiteElo "2418"]
[BlackElo "2068"]
[Annotator "NA"]
[PlyCount "39"]
[EventDate "2021.11.08"]
[EventType "team-tourn"]
[EventCountry "SLO"]
[SourceTitle "playchess.com"]
[Source "ChessBase"]
[SourceQuality "1"]
[WhiteTeam "Spain"]
[BlackTeam "Israel"]
[WhiteTeamCountry "ESP"]
[BlackTeamCountry "ISR"]
[TimeControl "40/5400+30:1800+30"]

1. f4 {[%emt 0:00:03]} d5 {[%emt 0:01:25]} 2. Nf3 {[%emt 0:00:06]} Nf6 {
[%emt 0:00:59]} 3. e3 {[%emt 0:00:10]} e6 {[%emt 0:00:51]} 4. b3 {[%emt 0:00:
27]} Bd6 {[%emt 0:02:38]} 5. Bb2 {[%emt 0:00:18]} O-O {[%emt 0:02:02]} 6. c4 {
[%emt 0:01:19]} b6 {[%emt 0:02:41]} 7. Qc2 {[%emt 0:00:43]} Bb7 {[%emt 0:04:00]
} 8. Bd3 {[%emt 0:02:21]} Ne4 {[%emt 0:16:36]} 9. Nc3 {[%emt 0:04:43]} f5 {
[%emt 0:00:58]} 10. Nb5 {[%emt 0:04:56]} Nd7 {[%emt 0:05:28]} 11. O-O {[%emt 0:
02:26]} Ndf6 {[%emt 0:01:19]} 12. Be2 {[%emt 0:00:45]} a6 {[%emt 0:06:58]} 13.
Nxd6 {[%emt 0:03:51]} cxd6 {[%emt 0:00:09]} 14. b4 {[%emt 0:02:55]} Ng4 {
[%emt 0:03:12]} 15. cxd5 {[%emt 0:10:03]} Bxd5 {[%emt 0:01:01]} 16. Rac1 {
[%emt 0:02:55]} Qe8 {[%emt 0:08:08]} 17. Bc4 {[%emt 0:08:32]} Bb7 {[%emt 0:04:
29]} 18. Qb3 {[%emt 0:03:14]} Qh5 {[%emt 0:04:05]} 19. Bxe6+ {[%emt 0:00:50]}
Kh8 {[%emt 0:00:09]} 20. Rc7 {[%emt 0:00:26]} 1-0

[Event "23rd ETCC Women 2021"]
[Site "Catez"]
[Date "2021.11.20"]
[Round "8.44"]
[White "Katkov, Michelle"]
[Black "Calzetta Ruiz, Monica"]
[Result "1/2-1/2"]
[WhiteElo "2059"]
[BlackElo "2201"]
[Annotator "NA"]
[PlyCount "110"]
[EventDate "2021.11.08"]
[EventType "team-tourn"]
[EventCountry "SLO"]
[SourceTitle "playchess.com"]
[Source "ChessBase"]
[SourceQuality "1"]
[WhiteTeam "Israel"]
[BlackTeam "Spain"]
[WhiteTeamCountry "ISR"]
[BlackTeamCountry "ESP"]
[TimeControl "40/5400+30:1800+30"]

1. e4 {[%emt 0:00:03]} c5 {[%emt 0:00:07]} 2. Nc3 {[%emt 0:00:05]} Nc6 {
[%emt 0:00:23]} 3. Bb5 {[%emt 0:00:05]} Nd4 {[%emt 0:05:35]} 4. Nf3 {[%emt 0:
00:12]} g6 {[%emt 0:02:29]} 5. O-O {[%emt 0:03:19]} Bg7 {[%emt 0:00:43]} 6.
Nxd4 {[%emt 0:06:40]} cxd4 {[%emt 0:00:40]} 7. Ne2 {[%emt 0:00:08]} Nf6 {
[%emt 0:14:51]} 8. e5 {[%emt 0:07:09]} Ng4 {[%emt 0:06:42]} 9. e6 {[%emt 0:09:
34]} fxe6 {[%emt 0:13:08]} 10. Nxd4 {[%emt 0:09:40]} Bxd4 {[%emt 0:07:05]} 11.
Qxg4 {[%emt 0:00:12]} Qb6 {[%emt 0:00:17]} 12. c3 {[%emt 0:05:23]} Bg7 {
[%emt 0:04:34]} 13. Ba4 {[%emt 0:02:50]} O-O {[%emt 0:00:30]} 14. d4 {[%emt 0:
04:47]} Rf7 {[%emt 0:17:23]} 15. h4 {[%emt 0:07:34]} Qa5 {[%emt 0:06:32]} 16.
Bc2 {[%emt 0:04:29]} d6 {[%emt 0:04:43]} 17. Bb3 {[%emt 0:01:47]} Qf5 {[%emt 0:
00:26]} 18. Qxf5 {[%emt 0:04:33]} Rxf5 {[%emt 0:00:13]} 19. Re1 {[%emt 0:01:40]
} Kf7 {[%emt 0:02:21]} 20. g4 {[%emt 0:07:45]} Ra5 {[%emt 0:00:19]} 21. Bc4 {
[%emt 0:01:04]} Bd7 {[%emt 0:02:31]} 22. b4 {[%emt 0:04:41]} Ra4 {[%emt 0:01:
04]} 23. Bb3 {[%emt 0:01:56]} Ra6 {[%emt 0:00:02]} 24. a4 {[%emt 0:00:19]} b5 {
[%emt 0:02:50]} 25. a5 {[%emt 0:09:24]} Rc8 {[%emt 0:01:19]} 26. Bd2 {[%emt 0:
00:13]} Rac6 {[%emt 0:05:00]} 27. d5 {[%emt 0:01:00]} Rc4 {[%emt 0:00:01]} 28.
Bxc4 {[%emt 0:00:41]} Rxc4 {[%emt 0:00:02]} 29. dxe6+ {[%emt 0:00:31]} Bxe6 {
[%emt 0:00:02]} 30. f3 {[%emt 0:00:57]} Bd5 {[%emt 0:01:16]} 31. Kf2 {[%emt 0:
00:42]} Bxc3 {[%emt 0:00:57]} 32. Bxc3 {[%emt 0:00:12]} Rxc3 {[%emt 0:00:06]}
33. Re3 {[%emt 0:00:57]} Rc2+ {[%emt 0:00:18]} 34. Re2 {[%emt 0:01:39]} Rc3 {
[%emt 0:00:02]} 35. Re3 {[%emt 0:00:17]} Rc2+ {[%emt 0:00:02]} 36. Kg3 {
[%emt 0:00:49]} Rb2 {[%emt 0:00:08]} 37. Rae1 {[%emt 0:03:24]} e6 {[%emt 0:00:
05]} 38. f4 {[%emt 0:01:02]} Rxb4 {[%emt 0:00:18]} 39. f5 {[%emt 0:00:22]} gxf5
{[%emt 0:01:58]} 40. gxf5 {[%emt 0:00:13]} exf5 {[%emt 0:02:45]} 41. Re7+ {
[%emt 0:03:46]} Kg6 {[%emt 0:00:01]} 42. Rd1 {[%emt 0:03:29]} f4+ {[%emt 0:05:
39]} 43. Kf2 {[%emt 0:04:50]} Rb2+ {[%emt 0:00:19]} 44. Ke1 {[%emt 0:03:46]}
Bc4 {[%emt 0:03:28]} 45. Rxd6+ {[%emt 0:00:15]} Kf5 {[%emt 0:00:01]} 46. Rd2 {
[%emt 0:05:09]} Rb1+ {[%emt 0:02:46]} 47. Kf2 {[%emt 0:01:05]} a6 {[%emt 0:13:
29]} 48. Rxh7 {[%emt 0:00:15]} b4 {[%emt 0:01:36]} 49. Rc7 {[%emt 0:04:29]} Bb5
{[%emt 0:01:05]} 50. Rcc2 {[%emt 0:05:00]} b3 {[%emt 0:01:47]} 51. Rb2 {
[%emt 0:00:18]} Rh1 {[%emt 0:04:45]} 52. Rxb3 {[%emt 0:04:08]} Rh2+ {[%emt 0:
00:07]} 53. Ke1 {[%emt 0:00:05]} Rh1+ {[%emt 0:00:20]} 54. Kf2 {[%emt 0:00:03]}
Rh2+ {[%emt 0:00:12]} 55. Ke1 {[%emt 0:00:04]} Rh1+ {[%emt 0:00:40]} 1/2-1/2

[Event "23rd ETCC Women 2021"]
[Site "Catez"]
[Date "2021.11.20"]
[Round "8.45"]
[White "Cramling, Pia"]
[Black "Hrescak, Ivana"]
[Result "1-0"]
[WhiteElo "2457"]
[BlackElo "2138"]
[Annotator "ChessBase"]
[PlyCount "71"]
[EventDate "2021.11.08"]
[EventType "team-tourn"]
[EventCountry "SLO"]
[SourceTitle "playchess.com"]
[Source "ChessBase"]
[SourceQuality "1"]
[WhiteTeam "Sweden"]
[BlackTeam "Slovenia"]
[WhiteTeamCountry "SWE"]
[BlackTeamCountry "SLO"]
[TimeControl "40/5400+30:1800+30"]

1. d4 {[%emt 0:00:15]} Nf6 {[%emt 0:00:08]} 2. c4 {[%emt 0:00:11]} g6 {[%emt 0:
00:00]} 3. Nc3 {[%emt 0:00:08]} Bg7 {[%emt 0:00:03]} 4. e4 {[%emt 0:00:10]} d6
{[%emt 0:00:04]} 5. h3 {[%emt 0:00:39]} O-O {[%emt 0:00:06]} 6. Be3 {[%emt 0:
00:06]} c5 {[%emt 0:00:08]} 7. Nf3 {[%emt 0:00:13]} cxd4 {[%emt 0:00:17]} 8.
Nxd4 {[%emt 0:00:06]} Nc6 {[%emt 0:00:04]} 9. Be2 {[%emt 0:00:11]} Bd7 {
[%emt 0:01:07]} 10. O-O {[%emt 0:03:04]} Nxd4 {[%emt 0:04:57]} 11. Bxd4 {
[%emt 0:00:00]} Bc6 {[%emt 0:03:31]} 12. Qc2 {[%emt 0:00:58]} a5 {[%emt 0:00:
00]} 13. Rad1 {[%emt 0:01:24]} Nd7 {[%emt 0:06:27]} 14. Bxg7 {[%emt 0:06:00]}
Kxg7 {[%emt 0:00:22]} 15. Rfe1 {[%emt 0:05:56]} a4 {[%emt 0:03:13]} 16. Bf1 {
[%emt 0:12:23]} Qa5 {[%emt 0:03:04]} 17. Nd5 {[%emt 0:00:41]} Rfe8 {[%emt 0:01:
30]} 18. Re3 {[%emt 0:00:37]} Rac8 {[%emt 0:02:15]} 19. Qe2 {[%emt 0:06:30]}
Qd8 {[%emt 0:22:36]} 20. Qd2 {[%emt 0:07:14]} Ra8 {[%emt 0:11:39]} 21. Be2 {
[%emt 0:03:18]} Qa5 {[%emt 0:06:39]} 22. Qc1 {[%emt 0:03:01]} Rab8 {[%emt 0:02:
05]} 23. b4 {[%emt 0:06:26]} axb3 {[%emt 0:01:27]} 24. axb3 {[%emt 0:00:07]}
Ra8 {[%emt 0:07:10]} 25. b4 {[%emt 0:02:16]} Qd8 {[%emt 0:00:10]} 26. Nc3 {
[%emt 0:01:14]} b6 {[%emt 0:00:42]} 27. e5 {[%emt 0:06:58]} dxe5 {[%emt 0:03:
13]} 28. b5 {[%emt 0:11:47]} Bb7 {[%emt 0:00:00]} 29. Red3 {[%emt 0:00:12]} Bc8
{[%emt 0:00:10]} 30. Bf3 {[%emt 0:00:28]} Ra7 {[%emt 0:01:06]} 31. Bc6 {
[%emt 0:00:12]} e6 {[%emt 0:00:57]} 32. Ne4 {[%emt 0:03:13]} Re7 {[%emt 0:03:
20]} 33. Qg5 {[%emt 0:03:58]} h6 {[%emt 0:06:50]} 34. Rxd7 {[%emt 0:00:36]}
Bxd7 {[%emt 0:02:07]} 35. Qxe5+ {[%emt 0:00:21]} Kg8 {[%emt 0:01:15]} 36. Nf6+
{[%emt 0:01:06]} 1-0

[Event "23rd ETCC Women 2021"]
[Site "Catez"]
[Date "2021.11.20"]
[Round "8.46"]
[White "Kolaric, Spela"]
[Black "Andric, Jelena"]
[Result "1-0"]
[WhiteElo "2178"]
[BlackElo "2041"]
[Annotator "NA"]
[PlyCount "53"]
[EventDate "2021.11.08"]
[EventType "team-tourn"]
[EventCountry "SLO"]
[SourceTitle "playchess.com"]
[Source "ChessBase"]
[SourceQuality "1"]
[WhiteTeam "Slovenia"]
[BlackTeam "Sweden"]
[WhiteTeamCountry "SLO"]
[BlackTeamCountry "SWE"]
[TimeControl "40/5400+30:1800+30"]

1. d4 {[%emt 0:00:03]} e6 {[%emt 0:00:26]} 2. c4 {[%emt 0:00:34]} b6 {[%emt 0:
00:48]} 3. e4 {[%emt 0:01:06]} Bb7 {[%emt 0:01:08]} 4. Bd3 {[%emt 0:02:53]}
Bb4+ {[%emt 0:04:00]} 5. Bd2 {[%emt 0:04:33]} Qe7 {[%emt 0:07:35]} 6. Nf3 {
[%emt 0:00:00]} Nf6 {[%emt 0:06:50]} 7. Qe2 {[%emt 0:00:00]} Bxd2+ {[%emt 0:08:
40]} 8. Nbxd2 {[%emt 0:00:00]} d6 {[%emt 0:03:09]} 9. O-O {[%emt 0:02:32]} e5 {
[%emt 0:03:08]} 10. d5 {[%emt 0:01:11]} Nbd7 {[%emt 0:03:38]} 11. b4 {[%emt 0:
03:17]} Nh5 {[%emt 0:04:08]} 12. Qe3 {[%emt 0:07:25]} h6 {[%emt 0:08:30]} 13.
Rfc1 {[%emt 0:02:13]} O-O {[%emt 0:03:42]} 14. g3 {[%emt 0:04:16]} g5 {[%emt 0:
10:52]} 15. Nb3 {[%emt 0:07:52]} f5 {[%emt 0:06:22]} 16. exf5 {[%emt 0:03:30]}
Ndf6 {[%emt 0:01:15]} 17. Nfd4 {[%emt 0:08:15]} e4 {[%emt 0:11:48]} 18. f3 {
[%emt 0:06:21]} Rae8 {[%emt 0:05:29]} 19. Re1 {[%emt 0:00:40]} Qe5 {[%emt 0:04:
18]} 20. fxe4 {[%emt 0:00:52]} a5 {[%emt 0:02:29]} 21. bxa5 {[%emt 0:01:59]}
bxa5 {[%emt 0:00:02]} 22. Ne6 {[%emt 0:00:43]} Rf7 {[%emt 0:00:32]} 23. Qd4 {
[%emt 0:01:34]} Ng4 {[%emt 0:00:43]} 24. Be2 {[%emt 0:01:43]} Nxg3 {[%emt 0:01:
18]} 25. Bxg4 {[%emt 0:00:14]} h5 {[%emt 0:01:10]} 26. Qxe5 {[%emt 0:00:13]}
dxe5 {[%emt 0:00:07]} 27. Bd1 {[%emt 0:00:16]} 1-0

[Event "23rd ETCC Women 2021"]
[Site "Catez"]
[Date "2021.11.20"]
[Round "8.47"]
[White "Zaritovskaja, Margarita"]
[Black "Ruzic, Pia Marie"]
[Result "1-0"]
[WhiteElo "2040"]
[BlackElo "2049"]
[Annotator "NA"]
[PlyCount "37"]
[EventDate "2021.11.08"]
[EventType "team-tourn"]
[EventCountry "SLO"]
[SourceTitle "playchess.com"]
[Source "ChessBase"]
[SourceQuality "1"]
[WhiteTeam "Sweden"]
[BlackTeam "Slovenia"]
[WhiteTeamCountry "SWE"]
[BlackTeamCountry "SLO"]
[TimeControl "40/5400+30:1800+30"]

1. e4 {[%emt 0:00:02]} e6 {[%emt 0:00:07]} 2. d4 d5 {[%emt 0:00:30]} 3. Bd3 {
[%emt 0:00:35]} c5 {[%emt 0:01:39]} 4. exd5 {[%emt 0:00:00]} exd5 {[%emt 0:00:
48]} 5. Nf3 {[%emt 0:03:22]} Nf6 {[%emt 0:02:42]} 6. O-O {[%emt 0:05:49]} c4 {
[%emt 0:09:45]} 7. Be2 {[%emt 0:00:00]} Be7 {[%emt 0:00:25]} 8. b3 {[%emt 0:00:
00]} cxb3 {[%emt 0:01:54]} 9. axb3 {[%emt 0:00:00]} O-O {[%emt 0:00:33]} 10. c4
{[%emt 0:00:00]} b6 {[%emt 0:08:11]} 11. Nc3 {[%emt 0:02:18]} Bg4 {[%emt 0:02:
20]} 12. Ne5 {[%emt 0:09:42]} Bxe2 {[%emt 0:03:57]} 13. Nxe2 {[%emt 0:05:46]}
Qc7 {[%emt 0:04:59]} 14. Ng3 {[%emt 0:09:58]} g6 {[%emt 0:21:16]} 15. Bf4 {
[%emt 0:11:08]} Bd6 {[%emt 0:00:00]} 16. Qf3 {[%emt 0:03:26]} Re8 {[%emt 0:19:
58]} 17. cxd5 {[%emt 0:14:07]} Nbd7 {[%emt 0:01:43]} 18. Rac1 {[%emt 0:03:15]}
Qb7 {[%emt 0:00:41]} 19. Nxd7 {[%emt 0:01:00]} 1-0

[Event "23rd ETCC Women 2021"]
[Site "Catez"]
[Date "2021.11.20"]
[Round "8.48"]
[White "Mihelic, Vesna"]
[Black "Cramling Bellon, Anna"]
[Result "1/2-1/2"]
[WhiteElo "1912"]
[BlackElo "2035"]
[Annotator "NA"]
[PlyCount "85"]
[EventDate "2021.11.08"]
[EventType "team-tourn"]
[EventCountry "SLO"]
[SourceTitle "playchess.com"]
[Source "ChessBase"]
[SourceQuality "1"]
[WhiteTeam "Slovenia"]
[BlackTeam "Sweden"]
[WhiteTeamCountry "SLO"]
[BlackTeamCountry "SWE"]
[TimeControl "40/5400+30:1800+30"]

1. e4 {[%emt 0:00:03]} c5 {[%emt 0:00:05]} 2. Nf3 {[%emt 0:00:05]} Nc6 {
[%emt 0:00:12]} 3. Bb5 {[%emt 0:00:10]} e6 {[%emt 0:00:23]} 4. O-O {[%emt 0:00:
18]} Nge7 {[%emt 0:00:20]} 5. Re1 {[%emt 0:05:24]} Ng6 {[%emt 0:03:54]} 6. Nc3
{[%emt 0:02:08]} Nd4 {[%emt 0:05:33]} 7. Nxd4 {[%emt 0:00:00]} cxd4 {[%emt 0:
00:07]} 8. Ne2 {[%emt 0:00:28]} Bc5 {[%emt 0:08:00]} 9. d3 {[%emt 0:03:03]} O-O
{[%emt 0:01:01]} 10. a3 {[%emt 0:07:49]} a6 {[%emt 0:09:49]} 11. Ba4 {[%emt 0:
10:03]} d5 {[%emt 0:04:55]} 12. Ng3 {[%emt 0:01:45]} b5 {[%emt 0:06:14]} 13.
Bb3 {[%emt 0:00:12]} dxe4 {[%emt 0:01:45]} 14. Nxe4 {[%emt 0:00:29]} Be7 {
[%emt 0:00:20]} 15. Qh5 {[%emt 0:04:03]} Bb7 {[%emt 0:08:14]} 16. Bg5 {[%emt 0:
03:08]} h6 {[%emt 0:06:37]} 17. Bxe7 {[%emt 0:08:06]} Nxe7 {[%emt 0:00:00]} 18.
Nc5 {[%emt 0:05:13]} Bd5 {[%emt 0:06:36]} 19. Bxd5 {[%emt 0:07:10]} Nxd5 {
[%emt 0:00:12]} 20. Qe5 {[%emt 0:04:15]} Ne7 {[%emt 0:03:20]} 21. Re4 {[%emt 0:
13:22]} Nc6 {[%emt 0:05:00]} 22. Qg3 {[%emt 0:01:35]} Qe7 {[%emt 0:02:13]} 23.
Nb3 {[%emt 0:06:36]} f5 {[%emt 0:02:05]} 24. Re2 {[%emt 0:01:33]} e5 {[%emt 0:
01:27]} 25. Rae1 {[%emt 0:00:41]} e4 {[%emt 0:11:01]} 26. dxe4 {[%emt 0:02:21]}
f4 {[%emt 0:00:04]} 27. Qh3 {[%emt 0:01:05]} f3 {[%emt 0:05:09]} 28. Rd2 {
[%emt 0:04:06]} fxg2 {[%emt 0:03:48]} 29. Nxd4 {[%emt 0:00:30]} Ne5 {[%emt 0:
01:38]} 30. Qxg2 {[%emt 0:02:55]} Rad8 {[%emt 0:01:03]} 31. Nf5 {[%emt 0:01:22]
} Qf6 {[%emt 0:03:29]} 32. Red1 {[%emt 0:01:21]} Rxd2 {[%emt 0:00:53]} 33. Rxd2
{[%emt 0:00:01]} Nf7 {[%emt 0:00:53]} 34. Rd7 {[%emt 0:03:44]} Kh7 {[%emt 0:00:
06]} 35. c3 {[%emt 0:00:59]} Re8 {[%emt 0:00:58]} 36. Rxf7 {[%emt 0:00:37]}
Qxf7 {[%emt 0:00:26]} 37. Nd6 {[%emt 0:00:01]} Qd7 {[%emt 0:00:23]} 38. Nxe8 {
[%emt 0:00:09]} Qd1+ {[%emt 0:00:33]} 39. Qf1 {[%emt 0:00:01]} Qg4+ {[%emt 0:
00:04]} 40. Qg2 {[%emt 0:00:46]} Qd1+ {[%emt 0:00:06]} 41. Qf1 {[%emt 0:30:05]}
Qg4+ {[%emt 0:30:03]} 42. Qg2 {[%emt 0:00:10]} Qd1+ {[%emt 0:00:08]} 43. Qf1 {
[%emt 0:00:04]} 1/2-1/2

[Event "23rd ETCC Women 2021"]
[Site "Catez"]
[Date "2021.11.20"]
[Round "8.49"]
[White "Cvitan, Ena"]
[Black "Stojkovska, Monika"]
[Result "1/2-1/2"]
[WhiteElo "2234"]
[BlackElo "2066"]
[Annotator "NA"]
[PlyCount "73"]
[EventDate "2021.11.08"]
[EventType "team-tourn"]
[EventCountry "SLO"]
[SourceTitle "playchess.com"]
[Source "ChessBase"]
[SourceQuality "1"]
[WhiteTeam "Croatia"]
[BlackTeam "Macedonia"]
[WhiteTeamCountry "CRO"]
[BlackTeamCountry "MKD"]
[TimeControl "40/5400+30:1800+30"]

1. d4 {[%emt 0:00:12]} Nf6 {[%emt 0:00:16]} 2. c4 {[%emt 0:00:14]} e6 {[%emt 0:
00:05]} 3. Nf3 {[%emt 0:00:10]} b6 {[%emt 0:00:29]} 4. a3 {[%emt 0:00:09]} Bb7
{[%emt 0:01:14]} 5. Bf4 {[%emt 0:01:12]} d5 {[%emt 0:01:57]} 6. cxd5 {[%emt 0:
01:06]} exd5 {[%emt 0:05:56]} 7. Nc3 {[%emt 0:02:47]} Bd6 {[%emt 0:00:16]} 8.
Bg5 {[%emt 0:02:02]} O-O {[%emt 0:02:38]} 9. e3 {[%emt 0:01:04]} Nbd7 {[%emt 0:
03:56]} 10. Bd3 {[%emt 0:09:20]} h6 {[%emt 0:13:10]} 11. Bh4 {[%emt 0:00:16]}
c5 {[%emt 0:04:21]} 12. dxc5 {[%emt 0:03:23]} bxc5 {[%emt 0:03:06]} 13. O-O {
[%emt 0:01:28]} Qb6 {[%emt 0:03:45]} 14. Rb1 {[%emt 0:32:04]} Rfd8 {[%emt 0:23:
40]} 15. b4 {[%emt 0:00:00]} cxb4 {[%emt 0:03:35]} 16. Na4 {[%emt 0:00:00]} Qc7
{[%emt 0:01:16]} 17. axb4 {[%emt 0:00:00]} d4 {[%emt 0:02:45]} 18. e4 {[%emt 0:
00:29]} g5 {[%emt 0:07:52]} 19. Rc1 {[%emt 0:01:43]} Qb8 {[%emt 0:00:31]} 20.
Bg3 {[%emt 0:01:17]} Bxg3 {[%emt 0:02:10]} 21. fxg3 {[%emt 0:00:19]} Nxe4 {
[%emt 0:01:08]} 22. Bc4 {[%emt 0:07:28]} Ndf6 {[%emt 0:01:12]} 23. Nd2 {
[%emt 0:06:28]} Qe5 {[%emt 0:03:35]} 24. Nxe4 {[%emt 0:03:19]} Bxe4 {[%emt 0:
00:06]} 25. Qb3 {[%emt 0:02:56]} Bd5 {[%emt 0:01:15]} 26. Rce1 {[%emt 0:01:06]}
Bxc4 {[%emt 0:01:15]} 27. Qxc4 {[%emt 0:00:15]} Qd6 {[%emt 0:01:20]} 28. Nc5 {
[%emt 0:02:43]} Rac8 {[%emt 0:01:52]} 29. Qd3 {[%emt 0:01:24]} Re8 {[%emt 0:04:
08]} 30. Rd1 {[%emt 0:03:22]} Kg7 {[%emt 0:01:36]} 31. Rf3 {[%emt 0:01:31]} Re7
{[%emt 0:01:52]} 32. h4 {[%emt 0:06:49]} Rce8 {[%emt 0:01:49]} 33. hxg5 {
[%emt 0:01:27]} hxg5 {[%emt 0:00:01]} 34. Qd2 {[%emt 0:02:50]} Ne4 {[%emt 0:02:
25]} 35. Nxe4 {[%emt 0:00:29]} Rxe4 {[%emt 0:00:01]} 36. Qxg5+ {[%emt 0:00:09]}
Qg6 {[%emt 0:00:01]} 37. Qxg6+ {[%emt 0:03:46]} 1/2-1/2